| 000 | 00383cam a22001337a 4500 | ||
|---|---|---|---|
| 008 | 180718b1979 xxu||||| |||| 00| 0 eng d | ||
| 082 | _aK5:I29 Se75 | ||
| 100 | _aSethi, Kiran | ||
| 245 |
_aExecutive training in India _cby Kiran Sethi |
||
| 260 |
_aDelhi _bSterling _c1979 |
||
| 300 | _a90p. | ||
| 650 | _aPublic relation --Legislation --India --M.P. | ||
| 650 | _aPersonnel management | ||
| 999 |
_c354245 _d354245 |
||